Personnage de fiction aleatoire 1 - Statistiques

Statistiques générales
  • Ce quiz a été pris 50 fois
  • Le résultat moyen est 9 sur 16
Statistiques - réponses
Par images Réponse % Correct
Marsupilami
100%
Oui-Oui
100%
Jack Sparow
98%
Flash McQueen
93%
Lady Bug
80%
Han Solo
76%
Gamora
60%
Aragorn
58%
Koro Seinsei
44%
Din Djarin
36%
Kai
31%
La Guêpe
29%
Alphonse
27%
Archeduc
24%
Kyoya Tategami
11%
Marvin
9%
Aucun quiz correspondant
Distribution des résultats
% des personnes avec chaque résultat
Percentile par nombre de réponses
Votre historique - résultats
Vous n’avez pas pris ce quiz